000 00327nam a2200145Ia 4500
008 230718s9999 xx 000 0 und d
041 _aEng.
082 _a34604
_bTRA-T
100 _aTRA
245 4 _aThe transfer of property
260 _aPakistan
_bKausal brothers
_c2003
300 _a240
650 _aLaw
999 _c28138
_d28138